000 00342nam a22001457a 4500
005 20260213154340.0
008 260213b |||||||| |||| 00| 0 eng d
020 _a978-9355388087
100 _aB. Iyer
245 _aBasic of Electronics
260 _aNew Delhi
_bKhanna Book Pub
_c2026
300 _a264
650 _aECE
942 _2ddc
_cBK
999 _c21981
_d21981